Eastern Utah Libraries Catalog: Duchesne, Heber, Roosevelt, & Vernal

Diary of a wimpy kid. (Record no. 285095)

MARC details
000 -LEADER
fixed length control field 02094cim a2200541La 4500
001 - CONTROL NUMBER
control field ocn894124151
003 - CONTROL NUMBER IDENTIFIER
control field OCoLC
005 - DATE AND TIME OF LATEST TRANSACTION
control field 20200320193035.0
007 - PHYSICAL DESCRIPTION FIXED FIELD--GENERAL INFORMATION
fixed length control field sd fungnnmmned
008 - FIXED-LENGTH DATA ELEMENTS--GENERAL INFORMATION
fixed length control field 140512s2014 mdunnnnc f n eng d
020 ## - INTERNATIONAL STANDARD BOOK NUMBER
International Standard Book Number 9781490635200
020 ## - INTERNATIONAL STANDARD BOOK NUMBER
International Standard Book Number 1490635203
028 01 - PUBLISHER NUMBER
Publisher number C02913
Source Recorded Books
035 ## - SYSTEM CONTROL NUMBER
System control number (OCoLC)894124151
040 ## - CATALOGING SOURCE
Original cataloging agency RECBX
Language of cataloging eng
Transcribing agency RECBX
Modifying agency OCLCO
-- WACOL
049 ## - LOCAL HOLDINGS (OCLC)
Holding library WACL
050 14 - LIBRARY OF CONGRESS CALL NUMBER
Classification number PZ7.K6232
Item number Dmg 2014b
082 04 - DEWEY DECIMAL CLASSIFICATION NUMBER
Classification number [Fic]
Edition number 23
092 ## - LOCALLY ASSIGNED DEWEY CALL NUMBER (OCLC)
Classification number cd
Item number Kin
100 1# - MAIN ENTRY--PERSONAL NAME
Personal name Kinney, Jeff.
9 (RLIN) 5892999
245 10 - TITLE STATEMENT
Title Diary of a wimpy kid.
Name of part/section of a work The long haul
Medium [sound recording] /
Statement of responsibility, etc Jeff Kinney.
246 30 - VARYING FORM OF TITLE
Title proper/short title Long haul
250 ## - EDITION STATEMENT
Edition statement Unabridged.
260 ## - PUBLICATION, DISTRIBUTION, ETC. (IMPRINT)
Place of publication, distribution, etc Prince Frederick, MD :
Name of publisher, distributor, etc Recorded Books,
Date of publication, distribution, etc p2014.
300 ## - PHYSICAL DESCRIPTION
Extent 2 sound discs (1 hr., 45 min.) :
Other physical details digital ;
Dimensions 4 3/4 in.
500 ## - GENERAL NOTE
General note Title from container.
511 0# - PARTICIPANT OR PERFORMER NOTE
Participant or performer note Narrated by Ramón de Ocampo.
500 ## - GENERAL NOTE
General note Compact disc.
500 ## - GENERAL NOTE
General note In container (17 cm.).
500 ## - GENERAL NOTE
General note "With tracks every 3 minutes for easy book marking"--Container.
521 1# - TARGET AUDIENCE NOTE
Target audience note 8 years and up.
520 ## - SUMMARY, ETC.
Summary, etc The Heffley family road trip starts off full of promise, then quickly takes several wrong turns--with everything from a fender bender to crazed seagulls--but even the worst road trip can turn into an adventure, and this is one the Heffleys will not soon forget.
521 ## - TARGET AUDIENCE NOTE
Target audience note junior cd
Source recorded books
650 #1 - SUBJECT ADDED ENTRY--TOPICAL TERM
Topical term or geographic name as entry element Automobile travel
Form subdivision Fiction.
9 (RLIN) 5690602
650 #1 - SUBJECT ADDED ENTRY--TOPICAL TERM
Topical term or geographic name as entry element Vacations
Form subdivision Fiction.
9 (RLIN) 5673783
650 #1 - SUBJECT ADDED ENTRY--TOPICAL TERM
Topical term or geographic name as entry element Family life
Form subdivision Fiction.
9 (RLIN) 5674038
650 #1 - SUBJECT ADDED ENTRY--TOPICAL TERM
Topical term or geographic name as entry element Diaries
Form subdivision Fiction.
9 (RLIN) 5674805
650 #1 - SUBJECT ADDED ENTRY--TOPICAL TERM
Topical term or geographic name as entry element Humorous stories.
9 (RLIN) 5893000
655 #7 - INDEX TERM--GENRE/FORM
Genre/form data or focus term Children's audiobooks.
Source of term lcgft
9 (RLIN) 5675081
655 #7 - INDEX TERM--GENRE/FORM
Genre/form data or focus term Audiobooks.
Source of term lcgft
9 (RLIN) 5893001
700 1# - ADDED ENTRY--PERSONAL NAME
Personal name Ocampo, Ramon de.
Relator code nrt
9 (RLIN) 68678
710 2# - ADDED ENTRY--CORPORATE NAME
Corporate name or jurisdiction name as entry element Recorded Books, LLC.
9 (RLIN) 5674251
938 ## -
-- Recorded Books
-- RECB
-- rbc90002913
942 ## - ADDED ENTRY ELEMENTS (KOHA)
Koha item type CD
948 ## - LOCAL PROCESSING INFORMATION (OCLC); SERIES PART DESIGNATOR (RLIN)
Series part designator, SPT (RLIN) 11/14/2014
z (OCLC) Sirsi
994 ## -
-- 02
-- WACOL
996 ## -
-- 113794
-- 34301001197385
-- JCD
-- CD
-- wcl
-- i
-- 22
-- 25.75
-- .CIRCNOTE. 2 discs
-- recorded books
-- Kin
-- 11/17/2014
-- 02/28/2020
-- 02/19/2020
Holdings
Withdrawn status Lost status Source of classification or shelving scheme Materials specified (bound volume or other part) Damaged status Not for loan Collection code Home library Current library Shelving location Date acquired Cost, normal purchase price Total Checkouts Total Renewals Full call number Barcode Date last seen Date checked out Cost, replacement price Price effective from Koha item type
    Dewey Decimal Classification .CIRCNOTE. 2 discs     Junior Audiobooks Wasatch County Library Wasatch County Library Main Floor Junior Area 11/17/2014 25.75 27 2 J CD Kinney 34301001197385 07/23/2025 07/16/2025 25.75 03/20/2020 Audiobook on CD
This project was made possible through a grant from the Institute of Museum and Library Service administered by the Utah State Library Division.

Wasatch County Library

  • 465 East 1200 South, Heber City, Utah 84032
  • Phone 435-654-1511 | Fax 435-654-6456

Hours

  • Monday - Friday 9:30 AM - 8:00 PM
  • Saturday 9:30 AM - 1:30 PM
  • Closed Sundays and Holidays